000
003280000a22001450004500
003
LK-CoMWRAF
008
230817t ||||| |||| 00| 0 eng d
040
_a
LK-CoMWRAF
_d
LK-CoMWRAF
_e
LK-CoMWRAF
041
_a
eng
245
_a
Olaradugalum Payanum
_b
260
_b
_a
_c
300
_a
p.140
650
_a
Tamil Text
942
_c
BK
999
_c
2416
_d
2416